Falu és turizmus a Zala völgyében
Elmentve itt :
| Szerző: | |
|---|---|
| Adatforrás: | Meister |
| Forrásdokumentuma: | Művelődés. - 3 sz., 1999, 10-11 p. |
| Nyelv: | magyar |
| Kulcsszavak: | faluszociológia műemlékek kastélyok-udvarházak falusi turizmus Zala völgye Magyarország |
| LEADER | 00488nab a2200181 i 4500 | ||
|---|---|---|---|
| 001 | bibPRO00003405 | ||
| 008 | 060524s1999 xx hun | ||
| 040 | |a Sz1 | ||
| 041 | |a hun | ||
| 100 | 1 | |a SZALAY Csaba | |
| 245 | 1 | 0 | |a Falu és turizmus a Zala völgyében |c SZALAY Csaba |
| 695 | |a faluszociológia | ||
| 695 | |a műemlékek | ||
| 695 | |a kastélyok-udvarházak | ||
| 695 | |a falusi turizmus | ||
| 695 | |a Zala völgye | ||
| 695 | |a Magyarország | ||
| 773 | 0 | |t Művelődés. - |g 3 sz., 1999, 10-11 p. | |